000 00273nam a2200109Ia 4500
008 190907s9999||||xx |||||||||||||| ||und||
100 _aConard Phillip Kottak
245 0 _aCultural Anthropology
260 _aNew York
_bPrentice Hall Inc.
_c2002
300 _a545
942 _cBK
999 _c6463
_d6463